[Event "Moscow op-B (Women)"]
[Site "Moscow"]
[Date "2015.02.07"]
[Round "8"]
[White "Kosova, Ekaterina"]
[Black "Sorokina, Natalay"]
[Result "1/2-1/2"]
[WhiteElo "1958"]
[BlackElo "1887"]
[PlyCount "127"]
[EventDate "2015.01.31"]
[EventType "swiss"]
[EventRounds "9"]
[EventCountry "RUS"]
[SourceTitle "CBM 164 Extra"]
[Source "ChessBase"]
[SourceDate "2015.03.02"]
[SourceVersion "1"]
[SourceVersionDate "2015.03.02"]
[SourceQuality "1"]

1. e4 e5 2. Nf3 Nc6 3. Bb5 a6 4. Ba4 Nf6 5. 0-0 Be7 6. Re1 b5 7. Bb3 d6 8. c3 0-0 9. h3 Na5 10. Bc2 c5 11. d4 Bb7 12. d5 Nc4 13. a4 Kh8 14. b3 Nb6 15. a5 Nbd7 16. b4 c4 17. Bg5 Ng8 18. Bxe7 Nxe7 19. Nh2 f5 20. f3 f4 21. Nd2 Nf6 22. Ndf1 Bc8 23. Kf2 Ng6 24. Re2 Nh4 25. Ke1 h5 26. Kd2 Ra7 27. Qe1 g5 28. g4 fxg3 29. Qxg3 Rg7 30. Ne3 Qd7 31. Nf5 Nxf5 32. exf5 Nxd5 33. h4 Qe7 34. hxg5 Rxg5 35. Qh4 Qg7 36. Nf1 Bxf5 37. Bxf5 Rfxf5 38. Ne3 Nxe3 39. Rxe3 Rg2+ 40. Re2 Qg5+ 41. Qxg5 Rfxg5 42. Rh1 Kg7 43. Ke3 Rxe2+ 44. Kxe2 Kg6 45. Rd1 d5 46. Rxd5 Kf5 47. Rd6 Rg6 48. Rd7 Rh6 49. Rf7+ Kg5 50. Re7 Kf5 51. Rf7+ Rf6 52. Rh7 Kg5 53. Re7 Kf4 54. Rh7 Rg6 55. Rxh5 Rg2+ 56. Kd1 e4 57. fxe4 Kxe4 58. Rh4+ Kf5 59. Rd4 Ke5 60. Rh4 Rf2 61. Rh6 Ke4 62. Rd6 Ke3 63. Rd7 Rf6 64. Rd8 1/2-1/2

[Event "Moscow op-B (Women)"]
[Site "Moscow"]
[Date "2015.02.01"]
[Round "2"]
[White "Kosova, Ekaterina"]
[Black "Sakorenko, Adriana"]
[Result "1-0"]
[WhiteElo "1958"]
[BlackElo "1732"]
[PlyCount "37"]
[EventDate "2015.01.31"]
[EventType "swiss"]
[EventRounds "9"]
[EventCountry "RUS"]
[SourceTitle "CBM 164 Extra"]
[Source "ChessBase"]
[SourceDate "2015.03.02"]
[SourceVersion "1"]
[SourceVersionDate "2015.03.02"]
[SourceQuality "1"]

1. e4 c5 2. Nf3 e6 3. d4 cxd4 4. Nxd4 a6 5. Nc3 Qc7 6. Bd3 Nf6 7. 0-0 Nc6 8. Be3 Ne5 9. h3 Bc5 10. Kh1 d6 11. Qe1 0-0 12. f4 Ng6 13. f5 Ne5 14. Qh4 b5 15. Be2 Nc4 16. Bg5 Qe7 17. Nc6 Qc7 18. Bxf6 gxf6 19. Rf3 1-0

[Event "Tula Region-ch"]
[Site "Tula"]
[Date "2014.03.18"]
[Round "8"]
[White "Avetisyan, Kristina"]
[Black "Kosova, Ekaterina"]
[Result "1/2-1/2"]
[WhiteElo "1754"]
[BlackElo "1857"]
[PlyCount "96"]
[EventDate "2014.03.11"]
[EventType "swiss"]
[EventRounds "9"]
[EventCountry "RUS"]
[SourceTitle "CBM 159 Extra"]
[Source "ChessBase"]
[SourceDate "2014.04.24"]
[SourceVersion "1"]
[SourceVersionDate "2014.04.24"]
[SourceQuality "1"]

1. d4 Nf6 2. c4 g6 3. Nf3 Bg7 4. Nc3 0-0 5. e4 d6 6. Bf4 c5 7. Bg3 Bg4 8. Be2 Nc6 9. d5 Bxf3 10. Bxf3 Nd4 11. 0-0 Nd7 12. Rb1 Ne5 13. Bxe5 Bxe5 14. Bg4 Bg7 15. Ne2 Nxe2+ 16. Qxe2 Qe8 17. b4 b6 18. Kh1 e5 19. bxc5 bxc5 20. Rb7 a6 21. Bd7 Qd8 22. Bc6 Qf6 23. Rfb1 h5 24. Rd7 Rab8 25. Rbb7 Rxb7 26. Rxb7 Ra8 27. Qb2 h4 28. Rxf7 Qxf7 29. Bxa8 Qa7 30. Qb7 Qxb7 31. Bxb7 a5 32. Bc8 Bh6 33. g3 hxg3 34. hxg3 Kg7 35. Kg2 Kf6 36. Kf3 Bg5 37. Ke2 Bh6 38. Kd3 Bg5 39. Kc2 Bh6 40. a3 Bg5 41. f3 Be3 42. Kb3 Bf2 43. Ka4 Be1 44. Kb5 g5 45. a4 Ke7 46. g4 Bb4 47. Kc6 Bd2 48. Bf5 Bb4 1/2-1/2